1716 1196 1272 1224 1169 1595 1420 1562 1060 1285 1517 1204 1522 1798 1796 1651 1371 1019 1462 1872 1889 1240 1270 1984 1751 1825 1369 1669 1704 1509 1524 1011 1007 1539 1274 1100 1878 1472 1141 1479 1725 1159 1334 1985 1294 1538 1654 1713 1581 1130 1663 1018 1571 1689 1947 1605 1473 1764 1592 1845 1243 1704 1933 1559 1670 1368 1921 1874 1878 1204 1732 1495 1573 1011 1007 1051 1239 1148 1173 1685 1396 1176 1440 1809 1614 1142 1822 1551 1896 1561 1418 1153 1369 1829 1008 1385 1566 1721 1612 BCNSPRNW ULIB Ver.6.0+V

เปลี่ยนเป็นภาษาไทย

Change to English
 แสดงรายละเอียดบรรณานุกรม
  กลับหน้าหลัก

Brief Record : Get Marc (ISO 2709) : E-mail record : QR code < ปิดหน้าต่าง
LEADER : 00000nam 2200000uu 4500
001    13399122544
003     ULIB
008    020711s2546 th a 000 0 tha d
020    9749513983
060  4 WQ150^bพ111ล
100    พิชามนญ์ อภิสสร
245    ลูกจ๋าแม่จะทำทุกอย่างเพื่อลูก/^cพิชามนญ์ อภิสสร
260    กรุงเทพฯ :^bสารสาร,^c2546
650    เลี้ยงลูก
945    ^p295^l0^i11888
999    ^aทศพร เกษรทอง
รายการนี้ยังไม่มีแท็ก
คุณยังไม่ได้ล็อกอิน คุณสามารถมีกิจกรรมร่วมกับเว็บไซต์ได้ แต่ต้องล็อกอินก่อน ::
  ล็อกอิน

รายการสื่อสารสนเทศ

ลำดับที่ ประเภท เลขเรียก/บาร์โค้ด สถานที่ สถานะ
1. วิทยาศาสตร์การแพทย์ และสุขภาพ
วิทยาศาสตร์การแพทย์ และสุขภาพ
WQ150 พ111ล ฉ.1 
  Barcode: 11888
ห้องสมุดวิทยาเขตสวรรค์ประชารักษ์
►หนังสือทั่วไป
บนชั้น

รายการใกล้เคียง
    หัวเรื่อง [เลี้ยงลูก]

BibComment


ยังไม่เคยถูกคอมเมนท์

คอมเมนท์ทรัพยากรรายการนี้
  คอมเมนท์: ลูกจ๋าแม่จะทำทุกอ..


 Copyright 2026. Bcnsprnw @Library